[Event "Corus"]
[Site "Wijk aan Zee"]
[Date "2008.01.17"]
[Round "5"]
[White "Eljanov, Pavel"]
[Black "Radjabov, Teimour"]
[Result "0-1"]
[WhiteElo "2692"]
[BlackElo "2735"]
[Annotator "Marin,M"]
[PlyCount "66"]
[EventDate "2008.01.12"]
[EventType "tourn"]
[EventRounds "13"]
[EventCountry "NED"]
[EventCategory "20"]
[SourceTitle "CBM 122"]
[Source "ChessBase"]
[SourceDate "2008.01.30"]
[SourceVersion "1"]
[SourceVersionDate "2008.01.30"]
[SourceQuality "1"]

1. d4 Nf6 2. c4 g6 3. Nc3 Bg7 4. e4 d6 5. Bd3 O-O 6. Nge2 c5 7. d5 e6 8. Bg5 ({
Rather unusual. After} 8. O-O exd5 9. cxd5 {we would reach the tabyia of the
Penrose system, named after the British player who used it to defeat the
legendary Mikhail Tal. White's standard plan of development consists of h2,
Ng3, f4, Be3, Qf3. The bishop goes to g5 only in the event of certain black
setups (such as ...b6 followed by ...Ba6).}) 8... h6 9. Bf4 {Another
unexpected move. White intends to prevent the natural development of the enemy
queen's knight to d7. However, by blocking the f-pawn, he ensures temporary
stability to the other knight on e5.} ({Over the past years, Vladimir Georgiev
has constantly combined the Penrose setup with the retreat of the bishop to h4,
to which we would transpose after} 9. Bh4 exd5 10. cxd5 (10. exd5 {relieves
Black of the permanent threat of e4-e5 and is not likely to cause him dynamic
problems. Howeever, his position would become passive if he does not find a
way to fight for the initiative. here is such a possible way:} Nbd7 {[%csl Rd3]
[%cal Gd7e5]} 11. f4 g5 $5 12. fxg5 Ng4 13. Qd2 Nde5 14. Bh7+ Kh8 $1 $132 {
Thorbergsson,F-Penrose,J/Leipzig 1960/EXT 99 (0-1, 25). It is interesting to
see Penrose on the black side!}) 10... Nbd7 $5 {Refraining from ...a6 makes
some sense from the tactical point of view.} (10... a6 11. a4 Nbd7 12. O-O Ne5
(12... Qc7 13. h3 Re8 14. f4 c4 15. Bc2 Nc5 16. Bxf6 $5 {This is Georgiev's
idea. This exchange is essential for the following pawn break.} Bxf6 17. e5
dxe5 18. f5 $44 {Georgiev,V (2567)-Valuet,B (2303)/Differdange 2007/CBM 119
ext (1-0, 38)}) 13. Bc2 $6 ({The critical line is} 13. f4 Nxd3 14. Qxd3 Re8 15.
Ng3 {, similar to the position without ...a6 and a4.}) 13... g5 $1 14. Bg3 Nh5
{Black gets good play on the dark squares now.} 15. Bxe5 Bxe5 16. Ra3 Rb8 17.
Nc1 Nf4 18. Nd3 Nxd3 19. Bxd3 Qf6 20. Qc2 Qg6 21. Rb1 f5 {and Black had little
to complain about in Fominyh,A (2515)-Khomyakov,V (2340)/Moscow 1994/EXT 97 
(0-1, 40)}) 11. O-O Ne5 12. f4 Nxd3 13. Qxd3 Re8 14. Ng3 (14. Kh1 {is too slow,
allowing Black to start his queenside counterplay quite comfortably.} a6 15. a4
Rb8 16. Ng3 b5 17. axb5 axb5 18. Nxb5 Qb6 $44 {Georgiev,V (2596)-Piscopo,P 
(2321)/Reggio Emilia 2004/CBM 097 ext (1/2-1/2, 22)}) 14... b5 $5 {This would
not be possible so soon after ...a6 and a4.} 15. Bxf6 $5 {An attempt to
improve over an older game of his own.} (15. Qxb5 Bd7 16. Qa6 Qb6 17. Qxb6 axb6
{Georgiev,V (2538)-Smetankin,S (2485)/Chicago 2006 (0-1, 38)}) 15... Bxf6 16.
e5 $1 dxe5 17. f5 e4 {This is the only possible moment to open the long
diagonal, but it gives back the pawn without extinguishing White's initiative:}
(17... c4 18. Qe4 {[%cal Gf1f2,Ga1f1,Gf5g6]} g5 19. Nh5 $44) 18. Ncxe4 Bd4+ 19.
Kh1 $40 {Georgiev,V (2567)-Vandevoort,P (2364)/Charleroi 2007/CBM 119 ext (1-0,
26). Black still needs to find the optimal plan in this line.}) ({From the
historical point of view, the following blitz game is not without importance:} 
9. Bd2 $5 Nbd7 10. b3 {Who else would play that solid?} exd5 11. cxd5 a6 12.
O-O b5 13. f4 c4 14. bxc4 Nc5 15. Bc2 b4 16. e5 dxe5 17. fxe5 Ng4 $36 {
Petrosian,T-Fischer,R/Herceg Novi, blitz 1970/Fischer (0-1, 42)}) 9... Ng4 $5
$146 (9... exd5 10. cxd5 Re8 {looks entirely playable.} 11. Ng3 a6 12. a4 Qc7
13. O-O Nbd7 14. Qc1 Kh7 15. Re1 Rb8 16. Be2 h5 $6 {Black should not make the
g5-square available so soon.} (16... c4 $5 $132) 17. Bg5 c4 18. Qf4 {White has
considerably activated his play.} Kg8 19. Bh6 Bh8 20. h3 b5 21. axb5 axb5 22.
b4 $1 $14 {White has managed to block the queenside and enjoys a stable
advantage in the centre, Jussupow,A (2575)-Suetin,A (2460)/Moscow 1981/MCL 
(1-0, 90). Please note that this last move would have been less efficient with
the queen on c1, because of the simple ...cxb3, when Nxb5 can be answered by ..
.Qxc1 followed by ...b2.}) 10. Qd2 Na6 11. a3 $6 ({To passive. Eljanov might
have feared that} 11. Rd1 Nb4 12. Bb1 {would allow Black too much activity,
but there is no simple way to take advantage of it.}) 11... Nc7 12. f3 Ne5 {
Black wisely delayed the exchange on d5. In a "normal" Benoni, White could
simply retreat with the attacked bishop to c2, but here the c4-pawn is hanging.
} 13. O-O exd5 14. cxd5 Nxd3 15. Qxd3 {The first comment that comes to one's
mind is "Black has the pair of bishops". However, I believe that for a Benoni
it is more relevant that he has managed to exchange one pair of minor pieces 
(other than his g7-bishop!) which allows him to find comfortable squares for
the remaining pieces. This is quite a logical aim for Black, who has constant
problems with space.} b6 $1 {Completely in accordance with... Philidor's
recommendations. If you have a light-squared bishop, you should arrange your
pawns on dark squares, in order to prevent restricting the bishop's action and,
in fact, "complete" it. In our concrete case, the other bishop does not mind:
it has a wonderful diagonal at its disposal...} 16. Qd2 Kh7 17. Ng3 Ba6 {
The bishop stands nicely here, but the final result of this hyper-activity
might come as a slight surprise...} 18. Rfe1 Re8 19. a4 Bc4 20. Nf1 {After
this move, Black gets even more comfortable play. It was essential to question
the bishop's stability somehow.} ({However,} 20. Qc2 $6 {[%cal Gb2b3] would be
wrong because of} Na6 $1) (20. Ra3 $5 {[%cal Gb2b3] might be better.}) 20...
Bxf1 $1 {Despite losing a tempo, this new exchange solves Black's spatial
problems completely! His pieces will soon be placed in a very harmonious way,
enabling favourable pawn moves on both wings. This does not mean that White is
worse already; his advantage in space and the compact centre insures him
against trouble in the near future. However, from a practical point of view,
Black's play is much easier to carry out, while White should restrict himself
to defensive measures.} 21. Rxf1 a6 22. Bg3 Qd7 23. Rae1 ({This is not a real
mistake yet, but it prepares a strategic blunder. With Black, I would be more
worried about} 23. Rab1 {, aiming to keep Black's queenside play under control,
for instance} b5 24. b4 (24. axb5 {would leave Black the choice between 24...
axb5, which opens the a-file for the rook and} Nxb5 {activating the knight.
Now,} 25. Nxb5 axb5 26. b4 {would be less effective because after} c4 $1 {
the c4-pawn would not be blocked.}) 24... cxb4 (24... c4 $6 {would allow White
block the position to his favour with} 25. a5 $1 {This last move is essential
in order to prevent ...bxa4 followed by ...Nb5. This is a typical 
(unfavourable) situation for the Benoni player. The knight that has been so
useful to help the queenside pawns get into motion, is placed very passively
now and could become the main cause for Black's troubles.}) 25. Rxb4 {. White
plans to increase his pressure with Rfb1, while after} a5 {he has the thematic
exchange sacrifice} 26. Rxb5 {at his disposal, when the permanent weakness of
the d6-pawn would offer him reasonable compensation.}) 23... b5 24. f4 $2 ({
The position lost its initial character of a Penrose Attack a long time ago.
The last move only creates weaknesses, without creating real chances for an
attack. It would have been better to restrict Black's initiative with, say,} 
24. b3) 24... b4 25. Nd1 f5 $1 ({The point. The g3-bishop is reduced to
passivity now, while the d5-pawn becomes chronically weak. Eljanov probably
counted on} 25... Qxa4 $6 26. f5 {with an attack.}) 26. exf5 Qxf5 27. Ne3 Rxe3
$1 {Further simplification...} 28. Rxe3 Bd4 29. Bf2 Bxe3 30. Bxe3 {The bishop
has changed diagonals, but is far from reaching any form of activity.} Nxd5 31.
Rd1 Re8 (31... Nxe3 32. Qxe3 Qf6 {was an important alternative. Radjabov
probably feared that the vulnerability of his king would make itself felt in
the presence of queens and preferred not to give up his centralisation so
easily.}) 32. Bf2 $2 ({The losing move. Why preserve such an awfully passive
piece from exchange? It is true that the endgame arising after} 32. Qxd5 Qxd5
33. Rxd5 Rxe3 34. Rxd6 Rb3 35. Rd2 c4 {looks promising for Black, in view of
his huge advantage in space on the queenside and his active rook, but White
would have been alive.}) 32... Nxf4 33. Qxd6 $2 Qe4 {Suddenly, there is no
reasonable defence against the threat of mate in one. The bishop is really a
bad piece, preventing the defence along the second rank.} 0-1

[Event "Corus"]
[Site "Wijk aan Zee"]
[Date "2008.01.25"]
[Round "11"]
[White "Gelfand, Boris"]
[Black "Radjabov, Teimour"]
[Result "0-1"]
[WhiteElo "2737"]
[BlackElo "2735"]
[Annotator "Marin,M"]
[PlyCount "74"]
[EventDate "2008.01.12"]
[EventType "tourn"]
[EventRounds "13"]
[EventCountry "NED"]
[EventCategory "20"]
[SourceTitle "CBM 122"]
[Source "ChessBase"]
[SourceDate "2008.01.30"]
[SourceVersion "1"]
[SourceVersionDate "2008.01.30"]
[SourceQuality "1"]

1. d4 Nf6 2. c4 g6 3. Nc3 Bg7 4. e4 d6 5. Be2 O-O 6. Nf3 e5 7. O-O Nbd7 8. Be3
Re8 $5 {A relatively rare move. Black provokes his opponent into locking the
centre, but theory considers that the rook will remain misplaced after:} 9. d5
{, when Black's counterplay is based on ...f5.} Nh5 10. g3 Bf8 {A couple of
years ago, a very good friend of mine mentioned this plan to me. In the King's
Indian, Black frequently suffers from lack of space for his minor pieces.
After the bishop's retreat, such a regrouping is enabled: ...Nh5-g7, ...Be7, ..
.f5, ...Rf8 and ...Nf6. My friend also added that White can spare several
tempi (four, if I counted well, although this is slightly exaggerated: With
the bishop on g7, White has to spend a tempo with g3, weakening his kingside
position at the same time) by playing the Czech Benoni: 1.d4 Nf6 2.c4 c5 3.d5
e5 4.Nc3 d6 5.e4 Be7, later to be followed by ...Nd7, ...Ne8 or ...Nh5, ...g6,
Ng7, etc. We both included this out of fashion opening in our repertoire and
obtained good results with it (each one at his own level, of course). We also
decided to call it "The Romanian Benoni", because decades ago it served Victor
Ciocâltea and Florin Gheorghiu rather well... In any case, the "worsened" form
of the Czech Benoni will work out well in this game, too.} 11. Ne1 Ng7 12. Nd3
f5 13. f3 Be7 14. Qd2 Nf6 ({There seems to be a higher priority to play this
move, putting the enemy kingside under immediate pressure, than} 14... Rf8 {
Shipov,S (2635)-Saltaev,M (2525)/Hastings 1999/CBM 069/[Huzman] (1-0, 52)}) 15.
c5 {Well, in the Czech Benoni you do not have to fear this move really.} (15.
Bh6 $5 {is a very interesting attempt to prevent Black's activation.} fxe4 ({
Maybe Black should switch to a Czech Benoni strategy with} 15... Rf8 16. c5 Kh8
{for instance} 17. cxd6 cxd6 18. Rfc1 Bd7 19. a4 a6 20. a5 {[%csl Gb6,Re7]
[%cal Gd3e5,Gd5d6]} Ng8 21. Be3 Rc8 $13) 16. fxe4 Ng4 (16... Bh3 $2 17. Rxf6 $1
Bxf6 18. g4 $18 {[%cal Gd3f2,Gd2e3]}) 17. Bxg4 Bxg4 18. Kg2 (18. Nf2 $5) 18...
Rf8 19. h3 Bd7 20. g4 $14 {[%csl Gg7] Cvitan,O (2543)-Popovic,D (2552)/Zadar
2007 (1-0, 30)}) 15... fxe4 (15... Rf8 16. cxd6 cxd6 17. exf5 $6 {Not really
necessary.} Nxf5 18. Bf2 Nd4 $132 {Kalugin,S (2255)-Komliakov,V (2460)/Sochi
1997/EXT 99 (0-1, 30)}) 16. fxe4 Bh3 ({The immediate} 16... Ng4 17. Bxg4 Bxg4 {
should not be met with the mechanical} 18. Rfc1 $6 (18. Rac1 $1 {is better}) {
when after} 18... Rf8 {Black was a whole tempo up compared to our main game,
Krush,I (2432)-McNab,C (2445)/York 1999/CBM 073 ext (1/2-1/2, 67)}) 17. cxd6
cxd6 18. Rfc1 {This is the fastest way to develop the queenside attack.} (18.
Rf2 {would leave rooks disconnected and vulnerable.} Rc8 $132 {[%csl Rc3,Rd2,
Rf2][%cal Gc8c3,Gf6e4]} (18... Qd7 $6 19. Rxf6 $5 Bxf6 20. Nf2 {[%csl Re8,Rh3]
[%cal Ge2b5,Gg3g4]})) (18. Rxf6 $6 Bxf6 19. g4 h5 $132) 18... Ng4 19. Bxg4 Bxg4
20. Nb5 Rf8 {The whole sequence of moves after the opening has been quite
natural. It is not entirely surprising that White's next (21st) move will be
the first new one...} 21. Rc3 $6 $146 {If this was the fruit of home
preparation, it is difficult to guess what went wrong with Gelfand's analysis.
Soon, he will find himself fighting for equality.} ({White should not refrain
from} 21. Nxa7 {, although it leaves Black a free hand on the other wing.} h5
22. Nb5 h4 23. Nf2 Bf3 {[%cal Gg7h5]} 24. Nc7 (24. Bh6 $5 {looks like a better
chance for an advantage. In the event of} Rf7 25. Nc7 {the rook will be
misplaced on f7, in view of a later dxe6.}) 24... Rc8 25. Ne6 Nxe6 26. dxe6
Rxc1+ 27. Rxc1 d5 $132 {Prusikin,M (2567)-Bologan,V (2636)/Dresden 2007/CBM
118 (1/2-1/2, 37)}) 21... a6 22. Nc7 {This knight will become a source of
worries soon.} Rc8 23. Rac1 Qd7 24. Nf2 Bd8 25. Qc2 $6 ({Maybe it would have
been better to return with} 25. Nb5 $5 {, although after} Rxc3 (25... Ba5 26.
Nxg4 Qxg4 27. Nxd6 $44) 26. Nxc3 Bf3 {Black has a nice position.}) 25... Rf3 $1
$36 {White is hanging now.} 26. Qb3 Rxc7 27. Rxc7 Bxc7 28. Nxg4 Qxg4 29. Rxc7
Ne8 $2 (29... Nh5 $1 $19 {[%cal Gh5g3]}) 30. Re7 Qxe4 31. Rxe8+ Kf7 32. Rc8
Rxe3 (32... Qxe3+ 33. Qxe3 Rxe3 34. Rc7+ Kf6 35. Rd7 e4 36. Kf2 Rd3 37. Rxd6+
Ke5 38. Rb6 Rxd5 39. Rxb7 Rd2+ $15) 33. Qxb7+ Kf6 34. Rf8+ Kg5 {With both
kings exposed, a draw by perpetual is not completely out of the question.} 35.
Qxh7 $2 ({Overlooking a simple detail. He should have driven the enemy king
back with} 35. Qe7+ Kh6 {, when after, say,} 36. Qxd6 {Black could have forced
a draw in several ways, for instance with} Re1+ 37. Rf1 Qd4+ 38. Kg2 Re2+ 39.
Kh3 Qxb2 40. Qf8+ Kg5 41. Qe7+ Kh6 42. Qf8+ {and so on, but nothing more than
that.}) 35... Re1+ 36. Rf1 Qd4+ 37. Kg2 Re2+ ({The difference is that after} 
37... Re2+ 38. Kh3 {the black king becomes a useful attacking piece, enabling
mate in one with} Qg4#) 0-1

[Event "Morelia/Linares 25th"]
[Site "Morelia/Linares"]
[Date "2008.02.15"]
[Round "1"]
[White "Leko, Peter"]
[Black "Radjabov, Teimour"]
[Result "1-0"]
[WhiteElo "2753"]
[BlackElo "2735"]
[Annotator "Rogozenco,D"]
[PlyCount "70"]
[EventDate "2008.02.15"]
[EventType "tourn"]
[EventRounds "14"]
[EventCountry "ESP"]
[EventCategory "21"]
[SourceTitle "CBM 123"]
[Source "ChessBase"]
[SourceDate "2008.04.02"]
[SourceVersion "1"]
[SourceVersionDate "2008.04.02"]
[SourceQuality "1"]

1. e4 c5 2. Nf3 Nc6 3. d4 cxd4 4. Nxd4 Nf6 5. Nc3 e5 6. Ndb5 d6 7. Bg5 a6 8.
Na3 b5 9. Nd5 Be7 10. Bxf6 Bxf6 11. c3 O-O 12. Nc2 Bg5 13. a4 bxa4 14. Rxa4 a5
15. Bc4 Rb8 16. b3 Kh8 17. Nce3 Bxe3 ({The main move is} 17... g6 {which
requires very good home preparation due to the wild complications arising after
} 18. h4 (18. Qe2 $5 $13 {1-0 Anand,V-Shirov,A/Linares 2008 (56)}) 18... Bxh4
19. g3 Bg5 20. f4 $13 {/=}) 18. Nxe3 Ne7 19. O-O {Both players went for this
position, but either each of them evaluated it slightly differently, or
Radjabov had no problem with the fact that White is slightly better. The
position is perfectly suited to Leko's style: White can play for a win without
any risk of losing. His chances are slightly preferable, since White can
attack weaknesses on a5 and d6 more easily than Black can create pressure on
the b3-pawn.} f5 ({Or} 19... Bb7 20. Qc2 {with a slight edge}) 20. exf5 Bxf5 (
20... Nxf5 {will very likely lose a pawn after} 21. Nxf5 {followed by Qd5 and
then either Rfa1, or Rd1.}) 21. Ra2 $5 {The rook goes to d2.} ({Black has an
easier defence after} 21. Nxf5 Rxf5) 21... Be4 22. Rd2 Rb6 23. Re1 Qb8 24. Qa1
$1 $14 {White can try various setups to put pressure on Black's weaknesses.
Now the queen will go to a3 and the rooks will be doubled on the d-file.} Qc7
25. Red1 h6 $146 (25... Rc6 26. Kh1 Qb6 27. Qa3 Nf5 28. Nxf5 Rxf5 29. Re2 Rf4
30. f3 Bg6 31. Red2 Rf6 32. Rd5 {and White won a pawn in 1-0 Buczinski,H-Surin,
M/ICCF Email 2000 (48)}) 26. h3 Bb7 27. Qa3 Rd8 28. Be6 {Black is under
pressure and must decide in which position he will have the best chances to
escape. This is not a simple task, since nowhere does Black have a clear draw.}
Qxc3 ({The alternative was} 28... d5 29. Nxd5 Nxd5 30. Bxd5 Rxd5 31. Rxd5 Bxd5
32. Rxd5 Qxc3 {after which White should not exchange queens, allowing Black to
achieve a theoretical draw with a pawn down, but instead he must continue the
attack:} 33. Qf8+ Kh7 34. Qf5+ Rg6 35. g3 (35. Rd6 $2 Qc1+ 36. Kh2 Qf4+ {
is a draw}) 35... Qc1+ 36. Kh2 $16) 29. Rxd6 Rbxd6 30. Rxd6 $16 Qe1+ $2 ({
Necessary was} 30... Qc7 31. Rxd8+ Qxd8 {although White has obvious pressure
after} 32. Qc5) 31. Kh2 {Now the queen is away and Black doesn't have time to
defend everything.} Re8 (31... Rxd6 32. Qxd6 Qb4 (32... Qxf2 33. Qxe7 {loses
at once}) 33. Qxe5 {is also difficult for Black, since besides an extra pawn
White also has a strong attack. For instance} a4 {loses due to} 34. Nf5 Nxf5
35. Qb8+ Kh7 36. Qg8+ Kg6 37. Qf7+ {with mate}) 32. Rd7 {White wins a piece.}
Nc6 (32... Qxf2 {also loses:} 33. Rxe7 Qf4+ 34. Kh1) 33. Bf7 Ra8 (33... Rb8 34.
Rxb7 Rxb7 35. Qf8+ Kh7 36. Qg8#) 34. Rxb7 Qxf2 35. Bd5 Rc8 (35... Rc8 36. Rf7
Qxe3 37. Bxc6 Rxc6 38. Qf8+ Kh7 39. Qxg7#) 1-0